000 00703nam a2200253 a 4500
999 _c1426
_d1426
007 ta
008 200101r20062009ii a|||g |||| 001 0 eng d
020 _a9788131806791
_cRs. 175.00
040 _aKO
_beng
041 0 _aeng
044 _aii
082 0 4 _223
_a670
_bEl13
100 1 _aElanchezhian, C.
245 1 0 _aManufacturing Technology - I /
_cC. Elanchezhian and B. Vijaya Ramnath
250 _a2nd ed.
260 _aNew Delhi :
_bUniversity Science Press,
_c2006, reprinted 2009.
300 _a274 p. :
_bill. ;
_c24 cm
504 _aIncludes Index.
650 0 _aManufacturing processes
_vTextbooks
700 _aRamnath, B. Vijaya
_eaut
904 _aA_BOSE
942 _cBK